The Scandal of the evangelical mind / (Record no. 12182)
[ view plain ]
| 000 -LEADER | |
|---|---|
| fixed length control field | 00738nam a22002292 4500 |
| 001 - CONTROL NUMBER | |
| control field | 0000021473 |
| 005 - DATE AND TIME OF LATEST TRANSACTION | |
| control field | 20151217155232.0 |
| 008 - FIXED-LENGTH DATA ELEMENTS--GENERAL INFORMATION | |
| fixed length control field | 120525s xx 000 0 eng d |
| 020 ## - INTERNATIONAL STANDARD BOOK NUMBER | |
| International Standard Book Number | 0802841803 : |
| 040 ## - CATALOGING SOURCE | |
| Original cataloging agency | KABU |
| Transcribing agency | KABU |
| 100 1# - MAIN ENTRY--PERSONAL NAME | |
| Personal name | Noll, Mark A. |
| -- | 0000159054 |
| 245 14 - TITLE STATEMENT | |
| Title | The Scandal of the evangelical mind / |
| Statement of responsibility, etc. | Mark A. Noll. |
| 250 ## - EDITION STATEMENT | |
| Edition statement | 1st ed. |
| 260 ## - PUBLICATION, DISTRIBUTION, ETC. (IMPRINT) | |
| Place of publication, distribution, etc. | Grand Rapids, MI : |
| Name of publisher, distributor, etc. | W. B. Eerdmans, |
| Date of publication, distribution, etc. | 1994. |
| 300 ## - PHYSICAL DESCRIPTION | |
| Extent | ix, 274 p. |
| 650 #0 - SUBJECT ADDED ENTRY--TOPICAL TERM | |
| Topical term or geographic name as entry element | Evangelicalism |
| Geographic subdivision | United States. |
| -- | 0000148907 |
| 650 #0 - SUBJECT ADDED ENTRY--TOPICAL TERM | |
| Topical term or geographic name as entry element | Christianity |
| General subdivision | Forecasting. |
| Geographic subdivision | United States. |
| -- | 0000182369 |
| 650 #0 - SUBJECT ADDED ENTRY--TOPICAL TERM | |
| Topical term or geographic name as entry element | Christianity and culture. |
| -- | 0000148811 |
| 852 1# - LOCATION | |
| -- | p1960 KES |
| 908 ## - PUT COMMAND PARAMETER (RLIN) | |
| Put command parameter | 120525 |
| 950 ## - LOCAL HOLDINGS (RLIN) | |
| -- | 1 |
| Withdrawn status | Lost status | Source of classification or shelving scheme | Not for loan | Home library | Current library | Date acquired | Total Checkouts | Full call number | Barcode | Date last seen | Price effective from | Koha item type |
|---|---|---|---|---|---|---|---|---|---|---|---|---|
| Library of Congress Classification | Kabarak, Main Campus | Kabarak, Main Campus | 17/12/2015 | BR1642 .U5N65 1994 c. 1 | 013103 | 02/08/2024 | 17/12/2015 | General Collection |